00325nam a2200121Ia 4500008004100000041000800041082001400049100001400063245004500077260003900122300003000161365001200191240624s9999 xx 000 0 und d aeng a338.8 MAR aMARX AXEL aGLOBAL GOVERNANCE OF LABOUR RIGHTS ASSES c2015aUnited KingdombEdward Elgar axi, : 331 : p. : cm. ; 24 cGBPb30